000 00393nam a22001337a 4500
040 _cNUST
082 _a006.31
_bMOR
100 _aMoroney, Laurence
_9118622
245 _aAI and Machine Learning for Coders:
_bA Programmer’s Guide to Artificial Intelligence/
_cLaurence Moroney
260 _aUnited States :
_bO’Reilly Media;
_c2021.
300 _a366p.
521 _bHB
942 _2ddc
_cBK
999 _c606802
_d606802